| 000 | 00539nam a2200193 a 4500 | ||
|---|---|---|---|
| 005 | 20140310183258.0 | ||
| 008 | 000526s19uu xx 00 eng d | ||
| 020 | _a1853261211 | ||
| 050 |
_aPZ 7 _b.D548 1993 |
||
| 100 | _aDickens, Charles | ||
| 245 |
_aA Christmas carol / _cCharles Dickens. |
||
| 260 |
_aEngland : _bWordsworth Editions Ltd, _c1993. |
||
| 300 |
_a95 p : _c20 cm. |
||
| 440 | _aWordsworth Classics | ||
| 650 |
_aChristmas _xFiction |
||
| 650 |
_aChildren's literature _xFiction |
||
| 942 |
_cBK _2lcc |
||
| 999 |
_c20901 _d20901 |
||